000 00624cam a22002173a 4500
001 38776
003 PGUSA
005 20140828083844.0
008 120206s2012||||xxu|||||s|||||000 | eng d
040 _aPGUSA
_beng
042 _adc
100 1 _aJames, Henry,
_d1843-1916
245 1 4 _aThe Letters of Henry James (Vol. I)
_h[electronic resource] /
_cHenry James
260 _bProject Gutenberg,
_c2012
506 _aPublic domain in the USA.
516 _aElectronic text
700 1 _aLubbock, Percy,
_d1879-1965
830 0 _aProject Gutenberg
_v38776
856 4 0 _uhttp://www.gutenberg.org/ebooks/38776
942 _cEB
999 _c268030
_d268030